Obálka Náhled e-knihy:
PDF Epub
Pro půjčování e-knih musíte být přihlášeni.
Jak si půjčit online?

Kdybys nebyla, vymyslím si tě /

Hlavním hrdinou je dospívající mladík, snílek, pracující v jedné k uzoufání nudné kanceláři zahraničního obchodu, během padesátých let dvacátého století. Po vzoru velkých literátů se i on snaží napsat román svého života, v němž hlavní roli hraje dívka snů, Jana.

Uloženo v:
Hlavní autor: Kraus, Ivan, 1939- (Autor)
Médium: E-kniha
Jazyk:Czech
Vydáno: Praha : Academia, 2005
Vydání:Vydání 1.
Témata:
Tagy:
Žádné tagy
LEADER 01975nam a2200421 i 4500
001 291858
003 CZ PrSKC
005 20260407070736.0
007 ta
008 051206s2005 xr g 000 f cze
015 |a cnb001633933  |z cnb001745239  |z cnb003119904 
020 |a 8020013792  |q (vázáno) 
020 |a 978-80-200-1379-8  |q (dotisk ;  |q vázáno) 
020 |a 978-80-200-1690-4  |q (dotisk ;  |q brožováno) 
035 |a (OCoLC)70052244 
040 |a OLA001  |b cze  |d ABA001  |e rda 
072 7 |a 821.162.3-3  |x Česká próza  |2 Konspekt 
080 |a 821.162.3-31  |2 MRF 
080 |a (0:82-31)  |2 MRF 
100 1 |a Kraus, Ivan,  |d 1939-  |7 jn19981001677  |4 aut 
245 1 0 |a Kdybys nebyla, vymyslím si tě /  |c Ivan Kraus 
250 |a Vydání 1. 
264 1 |a Praha :  |b Academia,  |c 2005 
300 |a 211 stran ;  |c 21 cm 
336 |a text  |b txt  |2 rdacontent 
337 |a bez média  |b n  |2 rdamedia 
338 |a svazek  |b nc  |2 rdacarrier 
500 |a V letech 2007 a 2008 dotisky 
504 |a Obsahuje bibliografické odkazy 
520 2 |a Hlavním hrdinou je dospívající mladík, snílek, pracující v jedné k uzoufání nudné kanceláři zahraničního obchodu, během padesátých let dvacátého století. Po vzoru velkých literátů se i on snaží napsat román svého života, v němž hlavní roli hraje dívka snů, Jana. 
520 2 |a Humoristický román, ve kterém hlavní hrdina prožívá první milostné eskapády. 
655 7 |a české romány  |7 fd133974  |2 czenas 
655 9 |a Czech fiction  |2 eczenas 
900 |a ABA001  |b 17 
044 |a xr 
910 |a RBIT002 
998 |d 155  |a https://core.palmknihy.cz/api/books/155/cover?uve99  |b https://core.palmknihy.cz/api/books/155/cover/400?mz2a3b  |c https://core.palmknihy.cz/api/books/155/cover/50?gwsr9d  |e   |g 216  |i 9788020013798  |j https://core.palmknihy.cz/api/books/155/preview.epub  |k https://core.palmknihy.cz/api/books/155/preview.pdf  |l   |q 49  |r 1  |s https://www.palmknihy.cz/kniha/155  |t ebook  |y 2007  |z 0 
999 |d 291856